logo

Bir Sreshtho Munshi Abdur Rouf Library
Jhenaidah Cadet College

স্বয়ম্ভর বাংলাদেশের প্রত্যাশায়: আমার এন বি আরের দিনগুলি / (Record no. 9108)

MARC details
000 -LEADER
fixed length control field 00770nam a22002177a 4500
001 - CONTROL NUMBER
JCCL Control Number 9108
003 - CONTROL NUMBER IDENTIFIER
JCCL marc code OSt
005 - DATE AND TIME OF LATEST TRANSACTION
control field 20180723192907.0
008 - FIXED-LENGTH DATA ELEMENTS--GENERAL INFORMATION
fixed length control field 180308b2010 bg ||||| |||| 00| 0 ben d
035 ## - SYSTEM CONTROL NUMBER
system control number (BD-JhCC)9108
040 ## - CATALOGING SOURCE
Original cataloging agency BD-JhCC
Modifying agency BD-JhCC
041 ## - LANGUAGE CODE
Language code of Book ben
082 ## - DEWEY DECIMAL CLASSIFICATION NUMBER
Classification number 330
Author mark and Year MAJ 2010
100 ## - MAIN ENTRY--PERSONAL NAME
Personal name মজিদ, মোহাম্মদ আবদুল
245 ## - TITLE STATEMENT
Title স্বয়ম্ভর বাংলাদেশের প্রত্যাশায়: আমার এন বি আরের দিনগুলি /
Statement of responsibility, etc মোহাম্মদ আবদুল মজিদ
260 ## - PUBLICATION, DISTRIBUTION, ETC. (IMPRINT)
Place of publication, distribution, etc ঢাকা:
Name of publisher, distributor, etc মাওলা ব্রাদার্স
Date of publication, distribution, etc 2010.
300 ## - PHYSICAL DESCRIPTION
Pagination 282 p. :
Dimensions 24 cm.
650 ## - SUBJECT ADDED ENTRY--TOPICAL TERM
Topical term or geographic name as entry element Economics
942 ## - ADDED ENTRY ELEMENTS (KOHA)
Source of classification or shelving scheme Dewey Decimal Classification
Koha item type Books
Holdings
Source of classification or shelving scheme Damaged status Not for loan Home library Current library Shelving location Date of accession Cost, normal purchase price Total Checkouts Full call number Barcode Date last seen Copy number Koha item type
Dewey Decimal Classification     JCC Rouf Library JCC Rouf Library General Stacks 03/08/2018 350.00   330 MAJ 2010 12050 03/08/2018 C-1 Books

JCC Library | Contacts | JCC Home

Last Update on 23 September 2017
Copyright @ 2017-2020 JCC Rouf Library
Rouf Library, Jhenidah Cadet College (JCC), Bangladesh